| Tag |
First Indicator |
Second Indicator |
Subfields |
| LEADER |
00000pam a2200000 a 4500 |
| 001 |
in00000090018 |
| 005 |
20151008063622.0 |
| 008 |
730328s1973 txuab b 00110 engm |
| 010 |
|
|
|a 73004915
|
| 020 |
|
|
|a 0292760019
|c $8.50
|
| 035 |
|
|
|a (OCoLC)00609741
|
| 035 |
|
|
|9 AAK2602AM
|
| 040 |
|
|
|a DLC
|c DLC
|d m.c.
|d TXA
|d UtOrBLW
|
| 043 |
|
|
|a s-pe---
|
| 049 |
|
|
|a TXAM
|c [1442405]
|
| 050 |
0 |
0 |
|a JL3498.A6
|b K53
|
| 082 |
0 |
|
|a 329.9/85
|
| 100 |
1 |
|
|a Klarén, Peter F.,
|d 1938-
|
| 245 |
1 |
0 |
|a Modernization, dislocation, and Aprismo :
|b origins of the Peruvian Aprista Party, 1870-1932 /
|c by Peter F. Klaren.
|
| 264 |
|
1 |
|a Austin :
|b published for the Institute of Latin American Studies by the University of Texas Press,
|c [1973]
|
| 264 |
|
4 |
|c ©1973
|
| 300 |
|
|
|a xxiii, 189 pages :
|b illustrations, maps ;
|c 23 cm.
|
| 336 |
|
|
|a text
|b txt
|2 rdacontent
|
| 337 |
|
|
|a unmediated
|b n
|2 rdamedia
|
| 338 |
|
|
|a volume
|b nc
|2 rdacarrier
|
| 490 |
1 |
|
|a Latin American monographs ;
|v no. 32
|
| 500 |
|
|
|a Includes index.
|
| 504 |
|
|
|a Bibliography: pages [163]-178.
|
| 610 |
2 |
0 |
|a Partido Aprista Peruano.
|
| 710 |
2 |
|
|a University of Texas at Austin.
|b Institute of Latin American Studies.
|
| 830 |
|
0 |
|a Latin American monographs (University of Texas at Austin. Institute of Latin American Studies) ;
|v no. 32.
|
| 999 |
|
|
|a MARS
|
| 999 |
f |
f |
|s 33d310f0-b4b8-3e61-b652-d7657bac1c51
|i 629ae009-7deb-3565-a4db-c54284365105
|t 0
|
| 952 |
f |
f |
|p ric
|a Texas A&M University
|b Rellis Campus
|c Joint Library Facility
|d Remote Storage
|t 0
|e JL3498.A6 K53
|h Library of Congress classification
|i unmediated -- volume
|m A14806151270
|
| 998 |
f |
f |
|a JL3498.A6 K53
|t 0
|l Remote Storage
|